Tech N9ne Discography - Statistics

General Stats
  • This quiz has been taken 83 times
    25 since last reset
  • The average score is 15 of 42
Answer Stats
Year Name Type % Correct
2001 Anghellic Album
72%
2002 Absolute Power Album
67%
2011 All 6's and 7's Album
67%
2015 Special Effects Album
67%
2016 The Storm Album
67%
2006 Everready (The Religion) Album
61%
2009 K.O.D. Album
56%
2019 N9NA Album
56%
2002 Celcius Compilation
44%
2012 E.B.A.H. EP
44%
2008 Killer Album
44%
2013 Something Else Album
44%
2014 Strangeulation Album
44%
2015 Strangeulation Vol. II Album
44%
1999 The Calm Before the Storm Album
44%
2020 ENTERFEAR Album
39%
2007 Misery Loves Kompany Album
39%
2009 Sickology 101 Album
39%
2010 The Lost Scripts of K.O.D. EP
39%
2012 Boiling Point EP
33%
2020 More Fear EP
33%
2011 Welcome to Strangeland Album
33%
2021 ASIN9NE Album
28%
2010 Bad Season Mixtape
28%
2017 Dominion Album
28%
2018 Planet Album
28%
2010 Seepage EP
28%
2010 The Gates Mixed Plate Album
28%
2005 Vintage Tech Compilation
28%
2020 Fear Exodus EP
22%
2017 Strange Reign Album
22%
2013 Therapy EP
22%
2000 The Worst Album
22%
2012 Klusterfuk EP
17%
2004 T9X: The Tech N9ne Experience Documentary
17%
2008 Tech N9ne: The Psychumentary Documentary
17%
2021 Blight Collaborative EP
11%
2019 ENTERFEAR LEVEL 1 EP
6%
2020 ENTERFEAR LEVEL 2 EP
6%
2010 K.O.D. Tour (Live in Kansas City) Documentary
6%
2009 Strictly Strange Documentary
6%
2009 The Box Set Compilation
6%
No matching quizzes found
Score Distribution
Percent of People with Each Score
Percentile by Number Answered
Your Score History
You have not taken this quiz since the last reset